000 01121 a2200253 4500
003 Nust
005 20170207154019.0
010 _a 2004045843
020 _a1402079303 (alk. paper)
040 _cNust
082 0 0 _a621.3822
100 1 _aConstantinides, George A.,
245 1 0 _aSynthesis and optimization of DSP algorithms -(E-BOOK)
_cby George A. Constantinides, Peter Y.K. Cheung, and Wayne Luk.
260 _aBoston :
_bKluwer Academic Publishers,
_cc2004.
300 _axi, 164 p. :
_bill. ;
_c25 cm.
505 _aIntroduction (page-1), Peak Value Estimation (page-15), Word-Length Optimization (page-27), Saturation Arithmetic (page-79), Scheduling and Resource Binding (page-113).
650 0 _aDigital communications
_xEquipment and supplies
_xDesign
_xData processing.
650 0 _aSignal processing
_xDigital techniques.
651 _aE-BOOK
700 1 _aCheung, Peter Y. K.
700 1 _aLuk, Wayne.
856 4 2 _3Publisher description
_uhttp://www.loc.gov/catdir/enhancements/fy0820/2004045843-d.html
856 4 2 _3Table of contents only
_uhttp://www.loc.gov/catdir/enhancements/fy0820/2004045843-t.html
942 _2ddc
_cBK
999 _c191608
_d191608